000 01507nam0a2200373 4500
001 RU\NLR\bibl\84531
005 20260407063535.0
010 _a5-89747-019-7
_910000
021 _aRU
_b1999-52087
_92582
035 _a(NLR Aleph) 000082550
090 _a460206
_c460206
100 _a20000506d1999 |||y0rusy50 ca
101 0 _arus
102 _aRU
105 _ay |||||||||
200 1 _aСломанный меч империи и другие книги Максима Калашникова
205 _aСокр. изд.
210 _aМ.
_cФорум
_d1999
215 _a350, [1] с.
_d20
606 1 _aСтратегические вооружения
_yСоединенные Штаты Америки
_92166056
_3RU\NLR\AUTH\661303287
606 1 _aСтратегические вооружения
_yСССР
_92166054
_3RU\NLR\AUTH\661303286
607 _aСоединенные Штаты Америки
_xВоенная политика
_xИстория
_92271992
_3RU\NLR\AUTH\661361699
607 _aСССР
_xВоенная политика
_xИстория
_92271988
_3RU\NLR\AUTH\661361697
686 1 _aЦ8(2)1-1
686 1 _aЦ8(7США)1-1
686 1 _aЦ9
700 1 _4070
_8rus
_7ca
_aКалашников
_bМ.
_cписатель-футуролог
_f1966-
_gМаксим
_3RU\NLR\AUTH\7713684
_9123367
801 0 _aRU
_bNLR
_c20000506
_gPSBO
801 1 _aRU
_bNLR
_c20000506
852 _aNLR
_j2000-3/2360
942 _cBOOK
980 _aNB